Thiết kế bài giảng tiếng việt 4

Nội dung sách trình bày các bài giảng tiếng Việt lần lượt theo trình tự Sách giáo khoa tiếng Việt 4 của chương trình tiểu học mới nhằm bảo đảm dạy - học đúng và đủ yêu cầu kiến thức, kỹ năng cần đem đến cho học sinh trong mỗi tiết học....

Ausführliche Beschreibung

Gespeichert in:
Bibliographische Detailangaben
1. Verfasser: Nguyễn, Huyền Trang
Format: Buch
Sprache:Undetermined
Veröffentlicht: Hà Nội Nhà xuất bản Hà Nội 2005
Schlagworte:
Tags: Tag hinzufügen
Keine Tags, Fügen Sie den ersten Tag hinzu!
Thư viện lưu trữ: Trung tâm Học liệu Trường Đại học Cần Thơ
LEADER 01031nam a2200217Ia 4500
001 CTU_120301
008 210402s9999 xx 000 0 und d
020 |c 47000 
082 |a 495.92207 
082 |b Tr106/T.2 
100 |a Nguyễn, Huyền Trang 
245 0 |a Thiết kế bài giảng tiếng việt 4 
245 0 |c Nguyễn Huyền Trang (chủ biên), Phạm Thị Thu Hà 
260 |a Hà Nội 
260 |b Nhà xuất bản Hà Nội 
260 |c 2005 
520 |a Nội dung sách trình bày các bài giảng tiếng Việt lần lượt theo trình tự Sách giáo khoa tiếng Việt 4 của chương trình tiểu học mới nhằm bảo đảm dạy - học đúng và đủ yêu cầu kiến thức, kỹ năng cần đem đến cho học sinh trong mỗi tiết học. 
650 |a Vietnamese language 
650 |x Study and teaching 
904 |i Hiếu 
980 |a Trung tâm Học liệu Trường Đại học Cần Thơ